Groups of Things - Statistics

General Stats
  • This quiz has been taken 89 times
  • The average score is 4 of 30
Answer Stats
Thing Group of Things % Correct
Lion Pride
88%
Dog Pack
71%
Crow Murder
68%
Mule Barren
44%
Owl Parliament
33%
Dolphin Pod
29%
Monkey Barrel
10%
Porcupine Prickle
6%
Frog Army
5%
Panda Embarrassment
5%
Flamingo Flamboyance
5%
Duck Raft
5%
Hyena Cackle
4%
Blue Jay Party
4%
Tiger Ambush
3%
Falcon Cast
3%
Alligator Congregation
3%
Cockroach Intrusion
3%
Raven Unkindness
3%
Barracuda Battery
1%
Sloth Bed
1%
Finch Charm
1%
Wren Chime
1%
Zebra Dazzle
1%
Woodpecker Descent
1%
Bear Sloth
1%
Squid Audience
0%
Narwhal Blessing
0%
Hawk Kettle
0%
Iguana Slaughter
0%
No matching quizzes found
Score Distribution
Percent of People with Each Score
Percentile by Number Answered
Your Score History
You have not taken this quiz